| 000 | 00379nam a2200121 4500 | ||
|---|---|---|---|
| 008 | 741 R297d | ||
| 082 |
_a741 _bR297d |
||
| 100 |
_aRaúl Recio _97029 |
||
| 245 | _aDibujos 1987, libro de viaje | ||
| 260 |
_aRepública Dominicana _bEditora de Colores _c1997 |
||
| 300 |
_a60 p. _bil _c31 x 23,5 cm |
||
| 650 |
_xarte - dibujo _xarte - República Dominicana _xarte - ilustración _97030 |
||
| 999 |
_c1781 _d1781 |
||